| 000 | 00452nam a22001577a 4500 | ||
|---|---|---|---|
| 999 |
_c523381 _d523381 |
||
| 005 | 20190129111330.0 | ||
| 008 | 190129b ||||| |||| 00| 0 eng d | ||
| 020 | _a9693515595 | ||
| 040 | _cDLC | ||
| 082 |
_a320.9591 _bPAK |
||
| 100 |
_aProf. Muhammad Usman, Masood _913579 |
||
| 245 |
_aPakistan ki Siyasi Jamatain / _cProf. Muhammad Usman, Masood |
||
| 260 |
_aLahore : _bSang-e-Meel Publications : _c2004. |
||
| 300 | _a880p. : | ||
| 942 |
_2ddc _cBK |
||